• 首页
  • 本馆介绍
  • 公告通知
  • 最新文献
  • 馆藏检索
  • 电子资源
  • 读者导购
  • 参考咨询
  • 我的图书馆
  • 登录
  • 详细信息显示
  • 放入我的书架
  • 预约/预借图书
  • 作者相关作品
  • 分类相关作品
  • 丛书相关作品
  • 出版社相关作品

书目信息

  • 表格格式
  • 工作单格式
  • 卡片格式
题名:
无机盐工业手册
    
 
作者: 天津化工研究院 编
分册: 下册  
出版信息: 北京   化学工业出版社  1995
页数: 1553页
开本: 32开
丛书名:
单 册:
中图分类: TQ115-62
科图分类:
主题词: 无机盐生产
电子资源:
ISBN: 7-5025-1571-2
000 00617nam0 2200205 45
001 0110151661
005 20031219104051.2
010    @a7-5025-1571-2@b精装@dCNY88.00
100    @a20011015d1995 km y0chiy0120 ea
101 0  @achi
105    @a z 000yy
200 1  @a无机盐工业手册@h下册@AWu Ji Yan Gong Ye Shou Ce@f天津化工研究院等编@FTian Jin Hua Gong Yan Jiu Yuan Deng Bian
205    @a2版
210    @a北京@c化学工业出版社@d1995
215    @a1553页@d32开
606 0  @a无机盐生产
690    @aTQ115-62@v4
701    @a天津化工研究院@4编
801    @aCN@bTSTC@c20011015
905    @f7@b299675-681@dTQ115-62@e8:2=2
    
    无机盐工业手册.下册/天津化工研究院等编.-2版.-北京:化学工业出版社,1995
    1553页;32开
    
    
    ISBN 7-5025-1571-2(精装):CNY88.00
    
●
相关链接 在E读中查询图书 在五车中查询图书 在当当中查询图书 在豆瓣中查询图书


正题名:无机盐工业手册     索取号:TQ115-62/8:2=2         预约/预借

序号 登录号 条形码 馆藏地/架位号 状态 备注
1 0299675   202996758   密集书库/ [索取号:TQ115-62/8:2=2] 在馆    
2 0299676   202996767   密集书库/ [索取号:TQ115-62/8:2=2] 在馆    
3 0299677   202996776   密集书库/ [索取号:TQ115-62/8:2=2] 在馆    
4 0299678   202996785   密集书库/ [索取号:TQ115-62/8:2=2] 在馆    
5 0299679   202996794   工具书阅览室/ [索取号:TQ115-62/8:2=2] 在馆    
6 0299680   202996801   密集书库/ [索取号:TQ115-62/8:2=2] 在馆    
7 0299681   202996810   第二样本阅览室/ [索取号:TQ115-62/8:2=2] 在馆    
唐山师范学院图书馆 欢迎您!
大连网信软件有限公司© 版权所有